| 000 | 01209nam0a22002891 4500 | ||
|---|---|---|---|
| 001 | v19\rc\1767503 | ||
| 005 | 20260406091045.0 | ||
| 035 | _a(NLR Aleph) 005249729 | ||
| 090 |
_a5791175 _c5791175 |
||
| 100 | _a20061204d1903 |||y0rusy50 ca | ||
| 101 | 0 | _arus | |
| 102 | _aRU | ||
| 105 | _aa z |||a| | ||
| 200 | 1 |
_aНа плавающих льдинах по Ледовитому океану _eРассказ о борьбе человека с природой в север. поляр. странах |
|
| 210 |
_aСанкт-Петербург _cП.П. Гершунин и К° _d1903 |
||
| 215 |
_a117 с. _cил. _d20 |
||
| 225 | 1 |
_aНароды и страны _eГеогр. б-ка _fСост. Н.А. Рубакин _vВып. 3 |
|
| 532 | 1 | 3 | _aНа плавающих льдинах по Ледовитому океану |
| 700 | 1 |
_7ca _8rus _aРубакин _bН. А. _f1862-1946 _gНиколай Александрович _942915 _3RU\NLR\AUTH\7759984 |
|
| 801 | 2 |
_aRU _bNLR _c20080704 _2rusmarc |
|
| 801 | 0 |
_aRU _bNLR _c20061204 _gpsbo |
|
| 801 | 0 |
_aRU _bRuMoRGB _c20061204 _2psbo |
|
| 801 | 1 |
_aRU _bProSoft-M _c20061204 _2rusmarc |
|
| 852 |
_aNLR _j34.7.3.182 |
||
| 942 | _cBOOK | ||
| 980 | _aNB | ||